000 01285nam a22002417a 4500
005 20120614170415.0
008 081007t xxu||||| |||| 00| 0 mar d
010 _aMAR-22611
020 _c40.00
_a9788123752808
035 _aMR-15269
037 _bD.B.Act /pub
082 _a920
100 _949115
_aख्वाजा हसन निजामी
245 _aबेगमांचे अश्रू /
_cख्वाजा हसन निजामी ; ख्वाजा अहमद फारूखी द्वारा संपादित ; भारती गोखले द्वारा अनुवादित
246 _bby Khawaja Hasan Nizami
_aBegamanche Ashru
260 _aनवी दिल्ली
_bनेशनल बुक ट्रस्ट
_c2008
270 _bनवी दिल्ली
_aA-5,ग्रीन पार्क
_e110016
300 _aनऊ,55पृ.
_c22सेमी(अजिल्द)
700 _aख्वाजा अहमद फारूखी
_952647
700 _aगोखले, भारती
_952648
942 _2ddc
_cMR
_mवाघ्रळ
_h920
999 _c70345
_d70345